ARRUPE JESUIT UNIVERSITY

CORONAVIRUS -STOP THE SPREAD - CLEAN,DISINFECT,COVER

An historical essay concerning witchcraft (Record no. 119282)

MARC details
000 -LEADER
fixed length control field 01323cam a22003131 4500
001 - CONTROL NUMBER
control field 5928736
003 - CONTROL NUMBER IDENTIFIER
control field ARRUPE
005 - DATE AND TIME OF LATEST TRANSACTION
control field 20131216133453.0
006 - FIXED-LENGTH DATA ELEMENTS--ADDITIONAL MATERIAL CHARACTERISTICS--GENERAL INFORMATION
fixed length control field m | d |
007 - PHYSICAL DESCRIPTION FIXED FIELD--GENERAL INFORMATION
fixed length control field cr||n||||||||n
008 - FIXED-LENGTH DATA ELEMENTS--GENERAL INFORMATION
fixed length control field 930414s1718 enk s || | eng u
010 ## - LIBRARY OF CONGRESS CONTROL NUMBER
LC control number 11009012
035 ## - SYSTEM CONTROL NUMBER
System control number (CStRLIN)CTRG10085976-B
035 ## - SYSTEM CONTROL NUMBER
System control number (NNC)5928736
040 ## - CATALOGING SOURCE
Modifying agency Thomson Gale
Transcribing agency DLC
050 #0 - LIBRARY OF CONGRESS CALL NUMBER
Classification number BF1565
Item number .H87
300 ## - PHYSICAL DESCRIPTION
Dimensions 20 cm.
100 1# - MAIN ENTRY--PERSONAL NAME
Personal name Hutchinson, Francis,
Dates associated with a name 1661-1739.
9 (RLIN) 5768
245 13 - TITLE STATEMENT
Title An historical essay concerning witchcraft
Remainder of title with observations upon matters of fact : tending to clear the texts of the sacred Scriptures, and confute the vulgar errors about that point : and also two sermons : one in proof of the Christian religion : the other concerning the good and evil angels /
Statement of responsibility, etc by Francis Hutchinson ...
260 ## - PUBLICATION, DISTRIBUTION, ETC. (IMPRINT)
Place of publication, distribution, etc London :
Name of publisher, distributor, etc Printed for R. Knaplock [etc.],
Date of publication, distribution, etc 1718.
300 ## - PHYSICAL DESCRIPTION
Extent xv, [4], 270 p. ;
500 ## - GENERAL NOTE
General note Computer copy
510 4# - CITATION/REFERENCES NOTE
Name of source Sabin
Location within source no.34063
533 ## - REPRODUCTION NOTE
Type of reproduction Electronic reproduction.
Place of reproduction Farmington Hills, Mich. :
Agency responsible for reproduction Thomson Gale,
Date of reproduction 2005.
Series statement of reproduction Sabin Americana, 1500-1926
Note about reproduction Available via the World Wide Web.
-- Access limited by licensing agreements.
Fixed-length data elements of reproduction s2005 miunns
650 #0 - SUBJECT ADDED ENTRY--TOPICAL TERM
Topical term or geographic name as entry element Witchcraft.
9 (RLIN) 5769
650 #0 - SUBJECT ADDED ENTRY--TOPICAL TERM
Topical term or geographic name as entry element Angels.
9 (RLIN) 5770
650 #0 - SUBJECT ADDED ENTRY--TOPICAL TERM
Topical term or geographic name as entry element Demonology.
9 (RLIN) 5771
942 ## - ADDED ENTRY ELEMENTS (KOHA)
Source of classification or shelving scheme Library of Congress Classification
Koha item type Monograph ( Printed materials)
Holdings
Withdrawn status Lost status Source of classification or shelving scheme Damaged status Not for loan Home library Current library Shelving location Date acquired Total Checkouts Full call number Barcode Date last seen Price effective from Koha item type
    Library of Congress Classification     ARRUPE LIBRARY ARRUPE LIBRARY Main Collection 16/12/2013   BF1565 .H87 464122618 12/09/2016 16/12/2013 Monograph ( Printed materials)

 

Arrupe Library. PO Box MP320 Mt Pleasant, Harare, Zimbabwe
263 242 745411|librarian@aju.ac.zw